Racial and ethnic groups : (Record no. 5331)

MARC details
000 -LEADER
fixed length control field 00721cam a22001814a 4500
020 ## - INTERNATIONAL STANDARD BOOK NUMBER
ISBN 013097854X
020 ## - INTERNATIONAL STANDARD BOOK NUMBER
ISBN 9780321047953
050 00 - CALL NUMBER
Classification number E184.A1
Item number Sc1
100 1# - AUTHOR
Personal name Schaefer, Richard T.
245 10 - TITLE
Title Racial and ethnic groups :
Remainder of title census 2000 update /
Statement of responsibility, etc Richard T. Schaefer.
250 ## - EDITION
Edition statement 8th ed.
260 ## - PUBLICATION INFORMATION
Place of publication Upper Saddle River, N.J. :
Name of publisher Prentice Hall,
Year of publication c2002.
300 ## - DESCRIPTION
Number of Pages xxii, 554 p. :
Other physical details ill. (some col.), col. maps ;
Dimensions 24 cm. +
Accompanying material 1 CD-ROM (4 3/4 in.)
505 ## - FORMATTED CONTENTS NOTE
Table of Content Perspectives on Racial and Ethnic Groups --<br/>Ethnic and Religious Sources of Conflict --<br/>Major Racial and Ethnic Minority Groups in the United States --<br/>Other Patterns of Dominance.
650 #0 - SUBJECTS
Topical Term Minorities
650 #0 - SUBJECTS
Topical Term Prejudices
942 ## - ADDED ENTRY ELEMENTS (KOHA)
Koha item type Books
Holdings
Withdrawn status Lost status Collection code Home library Current library Shelving location Date acquired Full call number Accession Number Koha item type
    Reference Methodist University Library Main Methodist University Library Main General Stacks   E184.A1 Sc1 37828 Books
Copyright © 2026  MUG Library